Missing Word: Anime Quiz Stats

 Plays Quiz Updated Jul 4, 2016

Support Sporcle.
Go Orange.
Score 0/20 Timer 02:00
14 Plays Today
Anime Title % Correct
____ Ball ZDragon
99.5%
____ on TitanAttack
95.8%
Fullmetal ____Alchemist
90.5%
____ Bebop Cowboy
89.4%
Sword ____ Online Art
88.6%
____ NoteDeath
88.2%
Sailor ____Moon
88%
____ ButlerBlack
85.2%
Steins;____Gate
80.2%
Neon Genesis ____Evangelion
76.7%
Anime Title % Correct
The ____ is a Part-TimerDevil
70%
____ BasketFruits
65.8%
____ ChamplooSamurai
63.2%
Deadman ____Wonderland
63%
The ____ of Haruhi SuzumiyaMelancholy
50.9%
____ Hina Love
45.1%
Serial Experiments ____Lain
42.4%
A Certain Scientific ____Railgun
36.3%
Love, Chunibyo & Other ____Delusions
30.6%
Hidamari ____Sketch
17.9%

Today's Daily Dose

From the Vault

'V' Blitz

by Flick

Happy V-Day! Hope you didn't forget!
Remove Ads.
Support Sporcle.
Get the best of Sporcle when you Go Orange. This ad-free experience offers more features, more stats, and more fun while also helping to support Sporcle. Thank you for becoming a member.

Show Comments

Extras

Top Quizzes Today


Score Distribution

Your Account Isn't Verified!

In order to create a playlist on Sporcle, you need to verify the email address you used during registration. Go to your Sporcle Settings to finish the process.

Report this User

Report this user for behavior that violates our Community Guidelines.

Details: